Propuestas de enmienda a los apéndices I y II (Registro nro. 3222)

Detalles MARC
000 -CABECERA
Campo de control 00789nam a2200241 a 4500
005 - FECHA Y HORA DE LA ULTIMA TRANSACCION
Campo de control 20200104041539.0
008 - ELEMENTOS DE LONGITUD FIJA—INFORMACION GENERAL
Campo de control 140310b2002 cl ||||gr|||| 00| 0 spa d
040 ## - FUENTE DE CATALOGACIÓN
Agencia catalogadora original CO-BoIAVH
Agencia transcriptora CO-BoIAVH
041 ## - IDIOMA
Código de idioma para texto/pista de sonido o título separado Español
044 ## - PAÍS DE PUBLICACIÓN
País de publicación Chile
082 04 - NUMERO DE CLASIFICACION DECIMAL DEWEY
Número de clasificación 333.9522
Número del ítem C76c
110 2# - ASIENTO PRINCIPAL--NOMBRE CORPORATIVO
Unidad subordinad Convención sobre el Comercio Internacional de Especies Amenazadas de Fauna y Flora Silvestres
9 (RLIN) 9754
245 1# - MENCION DE TITULO
Título Propuestas de enmienda a los apéndices I y II
260 ## - PUBLICACION, DISTRIBUCION, ETC. (PIE DE IMPRENTA)
Lugar de publicación, distribución, etc. Santiago de Chile
Nombre del editor, distribuidor, etc. CITES
-- UNEP
Fecha de publicación, distribución, etc. 2002
300 ## - DESCRIPCION FISICA
Extensión 160 paginas.
Dimensiones 27 x 21
650 ## - ASIENTO SECUNDARIO DE MATERIA - TERMINO TEMATICO
Término temático o nombre geográfico como elemento de entrada Comercio de especies
9 (RLIN) 4307
650 #4 - ASIENTO SECUNDARIO DE MATERIA - TERMINO TEMATICO
Término temático o nombre geográfico como elemento de entrada Especies amenazadas
9 (RLIN) 157
650 #4 - ASIENTO SECUNDARIO DE MATERIA - TERMINO TEMATICO
Término temático o nombre geográfico como elemento de entrada Comercio ilegal de especies
9 (RLIN) 4724
650 #4 - ASIENTO SECUNDARIO DE MATERIA - TERMINO TEMATICO
Término temático o nombre geográfico como elemento de entrada CITES
9 (RLIN) 2790
650 #4 - ASIENTO SECUNDARIO DE MATERIA - TERMINO TEMATICO
Término temático o nombre geográfico como elemento de entrada Convenios internacionales
9 (RLIN) 3879
650 #4 - ASIENTO SECUNDARIO DE MATERIA - TERMINO TEMATICO
Término temático o nombre geográfico como elemento de entrada Conservación
9 (RLIN) 56543
942 ## - ELEMENTOS ADICIONALES (KOHA)
Tipo de ítem Libro
Sistema de clasificación Dewey Decimal Classification
Existencias
Withdrawn status Lost status Sistema de Clasificación Damaged status No para préstamo Colección Inventariado Ubicación Permanente Ubicación actual Fecha de adquisición Fuente de Valor Total Checkouts Número topográfico Inventario / Código de Barras Date last seen Ejemplar Price effective from Forma de adquisición Tipo de material
    Dewey Decimal Classification     General Inventariado 2017 Bogotá Bogotá 09/04/2003 Franco, Ana María   LB-333.9522 C76c 003484 04/12/2012 Ej. 1 04/12/2012   Libro